[Event "SVK-ch U20"]
[Site "Dudince"]
[Date "2023.04.23"]
[Round "9"]
[White "Rybiansky, Jergus"]
[Black "Babjak, Samuel"]
[Result "0-1"]
[WhiteElo "1509"]
[BlackElo "1735"]
[PlyCount "44"]
[EventDate "2023.04.16"]
[EventType "tourn"]
[EventRounds "9"]
[EventCountry "SVK"]
[SourceTitle "CBM 213 Extra"]
[Source "ChessBase"]
[SourceDate "2023.05.31"]
[SourceVersion "1"]
[SourceVersionDate "2023.05.31"]
[SourceQuality "1"]

1. c4 Nf6 2. Nc3 d5 3. d4 g6 4. Nf3 Bg7 5. Bf4 0-0 6. Qd2 c5 7. cxd5 Nxd5 8. Bh6 cxd4 9. Bxg7 Kxg7 10. Nxd5 Qxd5 11. Qxd4+ Qxd4 12. Nxd4 Na6 13. Rc1 Rd8 14. e3 e5 15. Nb5 Bf5 16. Bc4 Nb4 17. Nc3 Rac8 18. e4 Rxc4 19. exf5 Nd3+ 20. Ke2 Nxc1+ 21. Rxc1 gxf5 22. f3 a6 0-1

[Event "SVK-ch U20"]
[Site "Dudince"]
[Date "2023.04.22"]
[Round "8"]
[White "Cernicka, Juraj"]
[Black "Rybiansky, Jergus"]
[Result "0-1"]
[WhiteElo "1000"]
[BlackElo "1509"]
[PlyCount "44"]
[EventDate "2023.04.16"]
[EventType "tourn"]
[EventRounds "9"]
[EventCountry "SVK"]
[SourceTitle "CBM 213 Extra"]
[Source "ChessBase"]
[SourceDate "2023.05.31"]
[SourceVersion "1"]
[SourceVersionDate "2023.05.31"]
[SourceQuality "1"]

1. e4 c5 2. b4 e5 3. b5 Nf6 4. Nc3 d5 5. exd5 Nxd5 6. Bb2 Nxc3 7. Bxc3 Bd6 8. Bc4 Nd7 9. d3 Nf6 10. Ne2 0-0 11. 0-0 Re8 12. Ng3 Be6 13. Bxe6 Rxe6 14. f3 Nd5 15. Bd2 Rg6 16. c4 Nf4 17. Bxf4 exf4 18. Ne4 Be5 19. Rb1 Bd4+ 20. Kh1 f5 21. Nd2 Qh4 22. h3 Rxg2 0-1

[Event "SVK-ch U20"]
[Site "Dudince"]
[Date "2023.04.18"]
[Round "4"]
[White "Baron, Patrik"]
[Black "Rybiansky, Jergus"]
[Result "1/2-1/2"]
[WhiteElo "1732"]
[BlackElo "1509"]
[PlyCount "59"]
[EventDate "2023.04.16"]
[EventType "tourn"]
[EventRounds "9"]
[EventCountry "SVK"]
[SourceTitle "CBM 213 Extra"]
[Source "ChessBase"]
[SourceDate "2023.05.31"]
[SourceVersion "1"]
[SourceVersionDate "2023.05.31"]
[SourceQuality "1"]

1. e4 c5 2. Nf3 Nc6 3. Bb5 e6 4. 0-0 Nge7 5. d4 cxd4 6. Nxd4 a6 7. Be2 g6 8. c4 Bg7 9. Nb3 d5 10. cxd5 exd5 11. exd5 Qxd5 12. Nc3 Qxd1 13. Rxd1 0-0 14. Bg5 h6 15. Bf4 Bf5 16. Rac1 Rac8 17. Bf3 b5 18. a3 b4 19. axb4 Nxb4 20. Bd6 Nd3 21. Bxe7 Nxc1 22. Bxf8 Nxb3 23. Bxg7 Kxg7 24. Bb7 Rb8 25. Bxa6 Nc5 26. Bb5 Ne4 27. Nxe4 Bxe4 28. Bd3 Bxd3 29. Rxd3 Rxb2 30. g3 1/2-1/2

[Event "SVK-chT U18"]
[Site "Radava"]
[Date "2022.11.22"]
[Round "3.3"]
[White "Rybiansky, Jergus"]
[Black "Mendelova, Adela"]
[Result "1/2-1/2"]
[WhiteElo "1508"]
[BlackElo "1192"]
[PlyCount "39"]
[EventDate "2022.11.21"]
[EventType "team-swiss"]
[EventRounds "7"]
[EventCountry "SVK"]
[SourceTitle "CBM 211 Extra"]
[Source "ChessBase"]
[SourceDate "2023.01.31"]
[SourceVersion "1"]
[SourceVersionDate "2023.01.31"]
[SourceQuality "1"]
[WhiteTeam "Bratislava Doprastav II"]
[BlackTeam "Bratislava Doprastav III"]
[WhiteTeamCountry "SVK"]
[BlackTeamCountry "SVK"]

1. d4 d5 2. Bf4 Nf6 3. Nf3 e6 4. e3 c5 5. c3 Bd6 6. Bg3 Qc7 7. Bd3 Nbd7 8. Nbd2 0-0 9. Qc2 h6 10. Bxd6 Qxd6 11. h3 b6 12. 0-0 Bb7 13. Rfe1 e5 14. dxe5 Nxe5 15. Nxe5 Qxe5 16. Nf3 Qe7 17. a4 a5 18. Rad1 Rfe8 19. b3 Rad8 20. Bb5 1/2-1/2

[Event "SVK-chT U18"]
[Site "Radava"]
[Date "2022.11.22"]
[Round "2.3"]
[White "Tokarcik, Jan"]
[Black "Rybiansky, Jergus"]
[Result "1/2-1/2"]
[WhiteElo "1453"]
[BlackElo "1508"]
[PlyCount "56"]
[EventDate "2022.11.21"]
[EventType "team-swiss"]
[EventRounds "7"]
[EventCountry "SVK"]
[SourceTitle "CBM 211 Extra"]
[Source "ChessBase"]
[SourceDate "2023.01.31"]
[SourceVersion "1"]
[SourceVersionDate "2023.01.31"]
[SourceQuality "1"]
[WhiteTeam "Bardejov"]
[BlackTeam "Bratislava Doprastav II"]
[WhiteTeamCountry "SVK"]
[BlackTeamCountry "SVK"]

1. c4 c5 2. Nc3 e6 3. e3 Nc6 4. Nf3 Nge7 5. d4 cxd4 6. exd4 d5 7. cxd5 Nxd5 8. a3 Be7 9. Bc4 0-0 10. Nxd5 exd5 11. Bb3 Re8 12. 0-0 Bg4 13. Be3 Bf6 14. Ba2 Qd7 15. Rc1 Rad8 16. Rc5 Qf5 17. Rb5 Rd7 18. h3 Bxf3 19. Qxf3 Qxf3 20. gxf3 Bxd4 21. Bxd4 Nxd4 22. Rxd5 Nxf3+ 23. Kg2 Rxd5 24. Bxd5 Ng5 25. Bxb7 g6 26. b4 Re2 27. Ra1 Rb2 28. Bc6 Ne6 1/2-1/2

[Event "SVK-ch U18"]
[Site "Stara Lubovna"]
[Date "2022.05.25"]
[Round "6"]
[White "Chovanec, Adrian"]
[Black "Rybiansky, Jergus"]
[Result "1/2-1/2"]
[WhiteElo "1498"]
[BlackElo "1379"]
[PlyCount "70"]
[EventDate "2022.05.21"]
[EventType "swiss"]
[EventRounds "9"]
[EventCountry "SVK"]
[SourceTitle "CBM 208 Extra"]
[Source "ChessBase"]
[SourceDate "2022.07.31"]
[SourceVersion "1"]
[SourceVersionDate "2022.07.31"]
[SourceQuality "1"]

1. e4 c5 2. Nc3 Nc6 3. Nf3 e6 4. Bc4 Nf6 5. 0-0 Be7 6. h3 Nxe4 7. Nxe4 d5 8. Nxc5 Bxc5 9. Bb5 Bd7 10. d4 Bd6 11. c3 h6 12. Re1 0-0 13. Qd3 a6 14. Ba4 b5 15. Bc2 f5 16. Ne5 Rf6 17. Bf4 Bxe5 18. Bxe5 Rg6 19. Bf4 Qh4 20. Bg3 Qg5 21. Qe3 Rf8 22. Qxg5 hxg5 23. f3 Rgf6 24. Bd6 Rc8 25. Be5 Rf7 26. Re2 b4 27. Bg3 bxc3 28. bxc3 Na5 29. Be1 Rb8 30. Rb1 Rff8 31. Bd3 Rxb1 32. Bxb1 Rb8 33. Bd3 Rb6 34. Rc2 Kf7 35. Kf2 Nc4 1/2-1/2